000 01159nam a2200325 a 4500
001 000005038
003 DO-SdBNP
005 20260302071436.0
007 ta
008 090729s1984 dr 001 0 spa d
040 _aDO-SdBNP
_bspa
_cBNPHU
_erda
041 _aspa
082 4 _a343.7293032
_bR426L 1984
_222
110 1 _aRepública Dominicana
_9447
240 _a[Leyes, etc.]
245 1 0 _aLegislación monetaria, bancaria y financiera de la República Dominicana.
260 _aSanto Domingo :
_bBanco Central,
_c1984.
300 _a411 páginas ;
_c25 cm.
336 _atexto
_btxt
_2rdacontent
337 _ardamedia
_bn
_2sin mediación
338 _avolumen
_bnc
_2rdacarrier
500 _aIncluye referencias bibliográficas y notas al pie de las páginas
590 _aInventariado, 2022/MFF
650 4 _aPolítica monetaria
_xLegislación
_zRepública Dominicana
_914505
650 4 _aDerecho bancario
_zRepública Dominicana
_97945
650 4 _aFinanzas
_xLegislación
_zRepública Dominicana
_981349
710 2 _aBanco Central de la República Dominicana
_983405
910 _aValidado. Control de calidad MFF
942 _2ddc
_cLBS1
999 _c4843
_d4843